| 000 | 00432 a2200157 4500 | ||
|---|---|---|---|
| 003 | OSt | ||
| 005 | 20240127105332.0 | ||
| 008 | 240127b |||||||| |||| 00| 0 eng d | ||
| 040 | _coclc | ||
| 082 |
_a704.9489 _bMAJ/I |
||
| 245 |
_aIslamika Kala / _cA.K. Abdul Majeed |
||
| 250 | _a2nd ed. | ||
| 260 |
_aCalicut: _bIPB Books, _c2022. |
||
| 300 | _a242p. | ||
| 942 |
_2ddc _cBK _h704.9489 _iMAJ/I _k704.9489 _mMAJ/I |
||
| 999 |
_c43323 _d43323 |
||